Programa Nacional Hídrico 2007-2012 / Comisión Nacional del Agua (Registro nro. 25734)
[ vista simple ]
| 000 -LÍDER | |
|---|---|
| fixed length control field | 00478nam a2200157 4500 |
| 020 ## - NÚMERO INTERNACIONAL NORMALIZADO PARA LIBROS | |
| ISBN | 978-968-817-836-2 |
| 050 ## - SIGNATURA TOPOGRAFICA DE LA BIBLIOTECA DEL CONGRESO (LC) | |
| Número de Clasificación | TD345 C743 2008 |
| 082 ## - NUMERO DE CLASIFICACION DECIMAL DEWEY | |
| Número de Clasificación | 628.161 C743p |
| 110 ## - ASIENTO PRINCIPAL--NOMBRE CORPORATIVO | |
| Nombre corporativo o de jurisdicción como elemento de entrada | Comisión Nacional del Agua |
| 245 ## - TÍTULO | |
| Título | Programa Nacional Hídrico 2007-2012 / Comisión Nacional del Agua |
| 250 ## - MENCIÓN DE EDICIÓN | |
| Mención de edición | 1 |
| 260 ## - PUBLICACIÓN, DISTRIBUCIÓN, ETC. (PIE DE IMPRENTA) | |
| Lugar de publicación, distribución, etc. | México : SEMARNAT |
| 300 ## - DESCRIPCIÓN FÍSICA | |
| Extensión | 193 p. / 29 cm. |
| 500 ## - NOTA GENERAL | |
| Nota general | Incluye CD-ROM |
| 650 ## - ASIENTO SECUNDARIO DE MATERIA - TERMINO TEMÁTICO | |
| Término temático o nombre geográfico como elemento de entrada | 1. ABASTECIMIENTO DE AGUA / 2. DESARROLLO DE RECURSOS HIDROLÓGICOS |
| No. biblioteca | No. biblioteca | Número de clasificación | Código de barras/Número de adquisición | Número de copia | Tipo de material |
|---|---|---|---|---|---|
| ÁREA DE QUÍMICA | ÁREA DE QUÍMICA | 628.161 C743p | 15898 | 1 | Libros |
| ÁREA DE QUÍMICA | ÁREA DE QUÍMICA | 628.161 C743p | 15899 | 2 | Libros |
